<?xml version="1.0" encoding="UTF-8"?>
<marc:record xmlns:marc="http://www.loc.gov/MARC21/slim" type="Bibliographic">
   <marc:leader>00000pam a2200000 c 4500</marc:leader>
   <marc:controlfield tag="001">958471282</marc:controlfield>
   <marc:controlfield tag="003">DE-101</marc:controlfield>
   <marc:controlfield tag="005">20171203083352.0</marc:controlfield>
   <marc:controlfield tag="007">tu</marc:controlfield>
   <marc:controlfield tag="008">000214s2000    gw ||||| |||| 00||||ger  </marc:controlfield>
   <marc:datafield ind1=" " ind2=" " tag="015">
      <marc:subfield code="a">00,A35,0018</marc:subfield>
      <marc:subfield code="z">00,N11,0008</marc:subfield>
      <marc:subfield code="2">dnb</marc:subfield>
   </marc:datafield>
   <marc:datafield ind1="7" ind2=" " tag="016">
      <marc:subfield code="2">DE-101</marc:subfield>
      <marc:subfield code="a">958471282</marc:subfield>
   </marc:datafield>
   <marc:datafield ind1=" " ind2=" " tag="020">
      <marc:subfield code="a">9783258057415</marc:subfield>
      <marc:subfield code="c">Pp. : DM 65.00</marc:subfield>
      <marc:subfield code="9">978-3-258-05741-5</marc:subfield>
   </marc:datafield>
   <marc:datafield ind1=" " ind2=" " tag="020">
      <marc:subfield code="a">3258057419</marc:subfield>
      <marc:subfield code="c">Pp. : DM 65.00</marc:subfield>
      <marc:subfield code="9">3-258-05741-9</marc:subfield>
   </marc:datafield>
   <marc:datafield ind1="8" ind2=" " tag="024">
      <marc:subfield code="a">sw020039</marc:subfield>
   </marc:datafield>
   <marc:datafield ind1=" " ind2=" " tag="035">
      <marc:subfield code="a">(DE-599)DNB958471282</marc:subfield>
   </marc:datafield>
   <marc:datafield ind1=" " ind2=" " tag="035">
      <marc:subfield code="a">(OCoLC)231860370</marc:subfield>
   </marc:datafield>
   <marc:datafield ind1=" " ind2=" " tag="040">
      <marc:subfield code="a">1140</marc:subfield>
      <marc:subfield code="b">ger</marc:subfield>
      <marc:subfield code="c">DE-101</marc:subfield>
      <marc:subfield code="d">9999</marc:subfield>
   </marc:datafield>
   <marc:datafield ind1=" " ind2=" " tag="041">
      <marc:subfield code="a">ger</marc:subfield>
   </marc:datafield>
   <marc:datafield ind1=" " ind2=" " tag="043">
      <marc:subfield code="c">XA-DE</marc:subfield>
      <marc:subfield code="c">XA-AT</marc:subfield>
      <marc:subfield code="c">XA-CH</marc:subfield>
   </marc:datafield>
   <marc:datafield ind1=" " ind2=" " tag="044">
      <marc:subfield code="c">XA-DE</marc:subfield>
   </marc:datafield>
   <marc:datafield ind1=" " ind2=" " tag="084">
      <marc:subfield code="a">02</marc:subfield>
      <marc:subfield code="a">22</marc:subfield>
      <marc:subfield code="a">46</marc:subfield>
      <marc:subfield code="a">63</marc:subfield>
      <marc:subfield code="a">04</marc:subfield>
      <marc:subfield code="a">020</marc:subfield>
      <marc:subfield code="a">070</marc:subfield>
      <marc:subfield code="a">090</marc:subfield>
      <marc:subfield code="q">DE-101</marc:subfield>
      <marc:subfield code="2">sdnb</marc:subfield>
   </marc:datafield>
   <marc:datafield ind1=" " ind2=" " tag="084">
      <marc:subfield code="a">13.1a</marc:subfield>
      <marc:subfield code="a">6.8</marc:subfield>
      <marc:subfield code="a">6.2a</marc:subfield>
      <marc:subfield code="a">6.4</marc:subfield>
      <marc:subfield code="a">6.8</marc:subfield>
      <marc:subfield code="a">6.1b</marc:subfield>
      <marc:subfield code="a">6.2a</marc:subfield>
      <marc:subfield code="a">6.4</marc:subfield>
      <marc:subfield code="a">6.8</marc:subfield>
      <marc:subfield code="a">6.2a</marc:subfield>
      <marc:subfield code="a">6.8</marc:subfield>
      <marc:subfield code="a">6.2a</marc:subfield>
      <marc:subfield code="a">6.8</marc:subfield>
      <marc:subfield code="a">6.2a</marc:subfield>
      <marc:subfield code="q">DE-101</marc:subfield>
      <marc:subfield code="2">sswd</marc:subfield>
   </marc:datafield>
   <marc:datafield ind1=" " ind2=" " tag="090">
      <marc:subfield code="a">b</marc:subfield>
   </marc:datafield>
   <marc:datafield ind1="0" ind2="0" tag="245">
      <marc:subfield code="a">Medium Museum</marc:subfield>
      <marc:subfield code="b">Kommunikation und Vermittlung in Museen für Kunst und Geschichte</marc:subfield>
      <marc:subfield code="c">Thomas Dominik Meier ; Hans Rudolf Reust, Hrsg.</marc:subfield>
   </marc:datafield>
   <marc:datafield ind1=" " ind2="1" tag="264">
      <marc:subfield code="a">Bern</marc:subfield>
      <marc:subfield code="a">Stuttgart</marc:subfield>
      <marc:subfield code="a">Wien</marc:subfield>
      <marc:subfield code="b">Haupt</marc:subfield>
      <marc:subfield code="c">2000</marc:subfield>
   </marc:datafield>
   <marc:datafield ind1=" " ind2=" " tag="300">
      <marc:subfield code="a">190 S.</marc:subfield>
      <marc:subfield code="b">Ill.</marc:subfield>
      <marc:subfield code="c">25 cm</marc:subfield>
   </marc:datafield>
   <marc:datafield ind1=" " ind2=" " tag="336">
      <marc:subfield code="a">Text</marc:subfield>
      <marc:subfield code="b">txt</marc:subfield>
      <marc:subfield code="2">rdacontent</marc:subfield>
   </marc:datafield>
   <marc:datafield ind1=" " ind2=" " tag="337">
      <marc:subfield code="a">ohne Hilfsmittel zu benutzen</marc:subfield>
      <marc:subfield code="b">n</marc:subfield>
      <marc:subfield code="2">rdamedia</marc:subfield>
   </marc:datafield>
   <marc:datafield ind1=" " ind2=" " tag="338">
      <marc:subfield code="a">Band</marc:subfield>
      <marc:subfield code="b">nc</marc:subfield>
      <marc:subfield code="2">rdacarrier</marc:subfield>
   </marc:datafield>
   <marc:datafield ind1=" " ind2=" " tag="500">
      <marc:subfield code="a">Literaturverz. S. 173 - 186</marc:subfield>
   </marc:datafield>
   <marc:datafield ind1=" " ind2="7" tag="650">
      <marc:subfield code="0">(DE-588)4166041-9</marc:subfield>
      <marc:subfield code="0">http://d-nb.info/gnd/4166041-9</marc:subfield>
      <marc:subfield code="0">(DE-101)041660412</marc:subfield>
      <marc:subfield code="a">Kunstmuseum</marc:subfield>
      <marc:subfield code="2">gnd</marc:subfield>
   </marc:datafield>
   <marc:datafield ind1=" " ind2="7" tag="650">
      <marc:subfield code="0">(DE-588)4161680-7</marc:subfield>
      <marc:subfield code="0">http://d-nb.info/gnd/4161680-7</marc:subfield>
      <marc:subfield code="0">(DE-101)041616804</marc:subfield>
      <marc:subfield code="a">Informationsvermittlung</marc:subfield>
      <marc:subfield code="2">gnd</marc:subfield>
   </marc:datafield>
   <marc:datafield ind1=" " ind2="7" tag="650">
      <marc:subfield code="0">(DE-588)4263515-9</marc:subfield>
      <marc:subfield code="0">http://d-nb.info/gnd/4263515-9</marc:subfield>
      <marc:subfield code="0">(DE-101)042635152</marc:subfield>
      <marc:subfield code="a">Exponat</marc:subfield>
      <marc:subfield code="2">gnd</marc:subfield>
   </marc:datafield>
   <marc:datafield ind1=" " ind2="7" tag="650">
      <marc:subfield code="0">(DE-588)4152726-4</marc:subfield>
      <marc:subfield code="0">http://d-nb.info/gnd/4152726-4</marc:subfield>
      <marc:subfield code="0">(DE-101)041527267</marc:subfield>
      <marc:subfield code="a">Erfahrungsorientiertes Lernen</marc:subfield>
      <marc:subfield code="2">gnd</marc:subfield>
   </marc:datafield>
   <marc:datafield ind1=" " ind2="7" tag="650">
      <marc:subfield code="0">(DE-588)4165974-0</marc:subfield>
      <marc:subfield code="0">http://d-nb.info/gnd/4165974-0</marc:subfield>
      <marc:subfield code="0">(DE-101)041659740</marc:subfield>
      <marc:subfield code="a">Kulturhistorisches Museum</marc:subfield>
      <marc:subfield code="2">gnd</marc:subfield>
   </marc:datafield>
   <marc:datafield ind1=" " ind2="7" tag="650">
      <marc:subfield code="0">(DE-588)4161680-7</marc:subfield>
      <marc:subfield code="0">http://d-nb.info/gnd/4161680-7</marc:subfield>
      <marc:subfield code="0">(DE-101)041616804</marc:subfield>
      <marc:subfield code="a">Informationsvermittlung</marc:subfield>
      <marc:subfield code="2">gnd</marc:subfield>
   </marc:datafield>
   <marc:datafield ind1=" " ind2="7" tag="650">
      <marc:subfield code="0">(DE-588)4263515-9</marc:subfield>
      <marc:subfield code="0">http://d-nb.info/gnd/4263515-9</marc:subfield>
      <marc:subfield code="0">(DE-101)042635152</marc:subfield>
      <marc:subfield code="a">Exponat</marc:subfield>
      <marc:subfield code="2">gnd</marc:subfield>
   </marc:datafield>
   <marc:datafield ind1=" " ind2="7" tag="650">
      <marc:subfield code="0">(DE-588)4152726-4</marc:subfield>
      <marc:subfield code="0">http://d-nb.info/gnd/4152726-4</marc:subfield>
      <marc:subfield code="0">(DE-101)041527267</marc:subfield>
      <marc:subfield code="a">Erfahrungsorientiertes Lernen</marc:subfield>
      <marc:subfield code="2">gnd</marc:subfield>
   </marc:datafield>
   <marc:datafield ind1=" " ind2="7" tag="650">
      <marc:subfield code="0">(DE-588)4075108-9</marc:subfield>
      <marc:subfield code="0">http://d-nb.info/gnd/4075108-9</marc:subfield>
      <marc:subfield code="0">(DE-101)040751082</marc:subfield>
      <marc:subfield code="a">Museumspädagogik</marc:subfield>
      <marc:subfield code="2">gnd</marc:subfield>
   </marc:datafield>
   <marc:datafield ind1=" " ind2="7" tag="650">
      <marc:subfield code="0">(DE-588)4113393-6</marc:subfield>
      <marc:subfield code="0">http://d-nb.info/gnd/4113393-6</marc:subfield>
      <marc:subfield code="0">(DE-101)041133935</marc:subfield>
      <marc:subfield code="a">Einrichtung</marc:subfield>
      <marc:subfield code="2">gnd</marc:subfield>
   </marc:datafield>
   <marc:datafield ind1=" " ind2="7" tag="650">
      <marc:subfield code="0">(DE-588)4075108-9</marc:subfield>
      <marc:subfield code="0">http://d-nb.info/gnd/4075108-9</marc:subfield>
      <marc:subfield code="0">(DE-101)040751082</marc:subfield>
      <marc:subfield code="a">Museumspädagogik</marc:subfield>
      <marc:subfield code="2">gnd</marc:subfield>
   </marc:datafield>
   <marc:datafield ind1=" " ind2="7" tag="650">
      <marc:subfield code="0">(DE-588)4113393-6</marc:subfield>
      <marc:subfield code="0">http://d-nb.info/gnd/4113393-6</marc:subfield>
      <marc:subfield code="0">(DE-101)041133935</marc:subfield>
      <marc:subfield code="a">Einrichtung</marc:subfield>
      <marc:subfield code="2">gnd</marc:subfield>
   </marc:datafield>
   <marc:datafield ind1=" " ind2="7" tag="650">
      <marc:subfield code="0">(DE-588)4075108-9</marc:subfield>
      <marc:subfield code="0">http://d-nb.info/gnd/4075108-9</marc:subfield>
      <marc:subfield code="0">(DE-101)040751082</marc:subfield>
      <marc:subfield code="a">Museumspädagogik</marc:subfield>
      <marc:subfield code="2">gnd</marc:subfield>
   </marc:datafield>
   <marc:datafield ind1=" " ind2="7" tag="650">
      <marc:subfield code="0">(DE-588)4113393-6</marc:subfield>
      <marc:subfield code="0">http://d-nb.info/gnd/4113393-6</marc:subfield>
      <marc:subfield code="0">(DE-101)041133935</marc:subfield>
      <marc:subfield code="a">Einrichtung</marc:subfield>
      <marc:subfield code="2">gnd</marc:subfield>
   </marc:datafield>
   <marc:datafield ind1=" " ind2="7" tag="651">
      <marc:subfield code="0">(DE-588)4011882-4</marc:subfield>
      <marc:subfield code="0">http://d-nb.info/gnd/4011882-4</marc:subfield>
      <marc:subfield code="0">(DE-101)040118827</marc:subfield>
      <marc:subfield code="a">Deutschland</marc:subfield>
      <marc:subfield code="2">gnd</marc:subfield>
   </marc:datafield>
   <marc:datafield ind1=" " ind2="7" tag="651">
      <marc:subfield code="0">(DE-588)4043271-3</marc:subfield>
      <marc:subfield code="0">http://d-nb.info/gnd/4043271-3</marc:subfield>
      <marc:subfield code="0">(DE-101)040432718</marc:subfield>
      <marc:subfield code="a">Österreich</marc:subfield>
      <marc:subfield code="2">gnd</marc:subfield>
   </marc:datafield>
   <marc:datafield ind1=" " ind2="7" tag="651">
      <marc:subfield code="0">(DE-588)4053881-3</marc:subfield>
      <marc:subfield code="0">http://d-nb.info/gnd/4053881-3</marc:subfield>
      <marc:subfield code="0">(DE-101)040538818</marc:subfield>
      <marc:subfield code="a">Schweiz</marc:subfield>
      <marc:subfield code="2">gnd</marc:subfield>
   </marc:datafield>
   <marc:datafield ind1=" " ind2="7" tag="655">
      <marc:subfield code="0">(DE-588)4143413-4</marc:subfield>
      <marc:subfield code="0">http://d-nb.info/gnd/4143413-4</marc:subfield>
      <marc:subfield code="0">(DE-101)041434137</marc:subfield>
      <marc:subfield code="a">Aufsatzsammlung</marc:subfield>
      <marc:subfield code="2">gnd-content</marc:subfield>
   </marc:datafield>
   <marc:datafield ind1=" " ind2="7" tag="655">
      <marc:subfield code="0">(DE-588)4141451-2</marc:subfield>
      <marc:subfield code="0">http://d-nb.info/gnd/4141451-2</marc:subfield>
      <marc:subfield code="0">(DE-101)041414519</marc:subfield>
      <marc:subfield code="a">Adressbuch</marc:subfield>
      <marc:subfield code="2">gnd-content</marc:subfield>
   </marc:datafield>
   <marc:datafield ind1=" " ind2="7" tag="655">
      <marc:subfield code="a">Aufsatzsammlung</marc:subfield>
      <marc:subfield code="2">gnd</marc:subfield>
   </marc:datafield>
   <marc:datafield ind1=" " ind2="7" tag="655">
      <marc:subfield code="a">Aufsatzsammlung</marc:subfield>
      <marc:subfield code="2">gnd</marc:subfield>
   </marc:datafield>
   <marc:datafield ind1=" " ind2="7" tag="655">
      <marc:subfield code="a">Adressbuch</marc:subfield>
      <marc:subfield code="2">gnd</marc:subfield>
   </marc:datafield>
   <marc:datafield ind1=" " ind2="7" tag="655">
      <marc:subfield code="a">Adressbuch</marc:subfield>
      <marc:subfield code="2">gnd</marc:subfield>
   </marc:datafield>
   <marc:datafield ind1=" " ind2="7" tag="655">
      <marc:subfield code="a">Adressbuch</marc:subfield>
      <marc:subfield code="2">gnd</marc:subfield>
   </marc:datafield>
   <marc:datafield ind1="0" ind2="0" tag="689">
      <marc:subfield code="0">(DE-588)4166041-9</marc:subfield>
      <marc:subfield code="0">http://d-nb.info/gnd/4166041-9</marc:subfield>
      <marc:subfield code="0">(DE-101)041660412</marc:subfield>
      <marc:subfield code="D">s</marc:subfield>
      <marc:subfield code="a">Kunstmuseum</marc:subfield>
   </marc:datafield>
   <marc:datafield ind1="0" ind2="1" tag="689">
      <marc:subfield code="0">(DE-588)4161680-7</marc:subfield>
      <marc:subfield code="0">http://d-nb.info/gnd/4161680-7</marc:subfield>
      <marc:subfield code="0">(DE-101)041616804</marc:subfield>
      <marc:subfield code="D">s</marc:subfield>
      <marc:subfield code="a">Informationsvermittlung</marc:subfield>
   </marc:datafield>
   <marc:datafield ind1="0" ind2="2" tag="689">
      <marc:subfield code="0">(DE-588)4263515-9</marc:subfield>
      <marc:subfield code="0">http://d-nb.info/gnd/4263515-9</marc:subfield>
      <marc:subfield code="0">(DE-101)042635152</marc:subfield>
      <marc:subfield code="D">s</marc:subfield>
      <marc:subfield code="a">Exponat</marc:subfield>
   </marc:datafield>
   <marc:datafield ind1="0" ind2="3" tag="689">
      <marc:subfield code="0">(DE-588)4152726-4</marc:subfield>
      <marc:subfield code="0">http://d-nb.info/gnd/4152726-4</marc:subfield>
      <marc:subfield code="0">(DE-101)041527267</marc:subfield>
      <marc:subfield code="D">s</marc:subfield>
      <marc:subfield code="a">Erfahrungsorientiertes Lernen</marc:subfield>
   </marc:datafield>
   <marc:datafield ind1="0" ind2="4" tag="689">
      <marc:subfield code="A">f</marc:subfield>
      <marc:subfield code="a">Aufsatzsammlung</marc:subfield>
   </marc:datafield>
   <marc:datafield ind1="0" ind2=" " tag="689">
      <marc:subfield code="5">DE-101</marc:subfield>
      <marc:subfield code="5">DE-101</marc:subfield>
   </marc:datafield>
   <marc:datafield ind1="1" ind2="0" tag="689">
      <marc:subfield code="0">(DE-588)4165974-0</marc:subfield>
      <marc:subfield code="0">http://d-nb.info/gnd/4165974-0</marc:subfield>
      <marc:subfield code="0">(DE-101)041659740</marc:subfield>
      <marc:subfield code="D">s</marc:subfield>
      <marc:subfield code="a">Kulturhistorisches Museum</marc:subfield>
   </marc:datafield>
   <marc:datafield ind1="1" ind2="1" tag="689">
      <marc:subfield code="0">(DE-588)4161680-7</marc:subfield>
      <marc:subfield code="0">http://d-nb.info/gnd/4161680-7</marc:subfield>
      <marc:subfield code="0">(DE-101)041616804</marc:subfield>
      <marc:subfield code="D">s</marc:subfield>
      <marc:subfield code="a">Informationsvermittlung</marc:subfield>
   </marc:datafield>
   <marc:datafield ind1="1" ind2="2" tag="689">
      <marc:subfield code="0">(DE-588)4263515-9</marc:subfield>
      <marc:subfield code="0">http://d-nb.info/gnd/4263515-9</marc:subfield>
      <marc:subfield code="0">(DE-101)042635152</marc:subfield>
      <marc:subfield code="D">s</marc:subfield>
      <marc:subfield code="a">Exponat</marc:subfield>
   </marc:datafield>
   <marc:datafield ind1="1" ind2="3" tag="689">
      <marc:subfield code="0">(DE-588)4152726-4</marc:subfield>
      <marc:subfield code="0">http://d-nb.info/gnd/4152726-4</marc:subfield>
      <marc:subfield code="0">(DE-101)041527267</marc:subfield>
      <marc:subfield code="D">s</marc:subfield>
      <marc:subfield code="a">Erfahrungsorientiertes Lernen</marc:subfield>
   </marc:datafield>
   <marc:datafield ind1="1" ind2="4" tag="689">
      <marc:subfield code="A">f</marc:subfield>
      <marc:subfield code="a">Aufsatzsammlung</marc:subfield>
   </marc:datafield>
   <marc:datafield ind1="1" ind2=" " tag="689">
      <marc:subfield code="5">DE-101</marc:subfield>
      <marc:subfield code="5">DE-101</marc:subfield>
   </marc:datafield>
   <marc:datafield ind1="2" ind2="0" tag="689">
      <marc:subfield code="0">(DE-588)4011882-4</marc:subfield>
      <marc:subfield code="0">http://d-nb.info/gnd/4011882-4</marc:subfield>
      <marc:subfield code="0">(DE-101)040118827</marc:subfield>
      <marc:subfield code="D">g</marc:subfield>
      <marc:subfield code="a">Deutschland</marc:subfield>
   </marc:datafield>
   <marc:datafield ind1="2" ind2="1" tag="689">
      <marc:subfield code="0">(DE-588)4075108-9</marc:subfield>
      <marc:subfield code="0">http://d-nb.info/gnd/4075108-9</marc:subfield>
      <marc:subfield code="0">(DE-101)040751082</marc:subfield>
      <marc:subfield code="D">s</marc:subfield>
      <marc:subfield code="a">Museumspädagogik</marc:subfield>
   </marc:datafield>
   <marc:datafield ind1="2" ind2="2" tag="689">
      <marc:subfield code="0">(DE-588)4113393-6</marc:subfield>
      <marc:subfield code="0">http://d-nb.info/gnd/4113393-6</marc:subfield>
      <marc:subfield code="0">(DE-101)041133935</marc:subfield>
      <marc:subfield code="D">s</marc:subfield>
      <marc:subfield code="a">Einrichtung</marc:subfield>
   </marc:datafield>
   <marc:datafield ind1="2" ind2="3" tag="689">
      <marc:subfield code="A">f</marc:subfield>
      <marc:subfield code="a">Adressbuch</marc:subfield>
   </marc:datafield>
   <marc:datafield ind1="2" ind2=" " tag="689">
      <marc:subfield code="5">DE-101</marc:subfield>
      <marc:subfield code="5">DE-101</marc:subfield>
   </marc:datafield>
   <marc:datafield ind1="3" ind2="0" tag="689">
      <marc:subfield code="0">(DE-588)4043271-3</marc:subfield>
      <marc:subfield code="0">http://d-nb.info/gnd/4043271-3</marc:subfield>
      <marc:subfield code="0">(DE-101)040432718</marc:subfield>
      <marc:subfield code="D">g</marc:subfield>
      <marc:subfield code="a">Österreich</marc:subfield>
   </marc:datafield>
   <marc:datafield ind1="3" ind2="1" tag="689">
      <marc:subfield code="0">(DE-588)4075108-9</marc:subfield>
      <marc:subfield code="0">http://d-nb.info/gnd/4075108-9</marc:subfield>
      <marc:subfield code="0">(DE-101)040751082</marc:subfield>
      <marc:subfield code="D">s</marc:subfield>
      <marc:subfield code="a">Museumspädagogik</marc:subfield>
   </marc:datafield>
   <marc:datafield ind1="3" ind2="2" tag="689">
      <marc:subfield code="0">(DE-588)4113393-6</marc:subfield>
      <marc:subfield code="0">http://d-nb.info/gnd/4113393-6</marc:subfield>
      <marc:subfield code="0">(DE-101)041133935</marc:subfield>
      <marc:subfield code="D">s</marc:subfield>
      <marc:subfield code="a">Einrichtung</marc:subfield>
   </marc:datafield>
   <marc:datafield ind1="3" ind2="3" tag="689">
      <marc:subfield code="A">f</marc:subfield>
      <marc:subfield code="a">Adressbuch</marc:subfield>
   </marc:datafield>
   <marc:datafield ind1="3" ind2=" " tag="689">
      <marc:subfield code="5">DE-101</marc:subfield>
      <marc:subfield code="5">DE-101</marc:subfield>
   </marc:datafield>
   <marc:datafield ind1="4" ind2="0" tag="689">
      <marc:subfield code="0">(DE-588)4053881-3</marc:subfield>
      <marc:subfield code="0">http://d-nb.info/gnd/4053881-3</marc:subfield>
      <marc:subfield code="0">(DE-101)040538818</marc:subfield>
      <marc:subfield code="D">g</marc:subfield>
      <marc:subfield code="a">Schweiz</marc:subfield>
   </marc:datafield>
   <marc:datafield ind1="4" ind2="1" tag="689">
      <marc:subfield code="0">(DE-588)4075108-9</marc:subfield>
      <marc:subfield code="0">http://d-nb.info/gnd/4075108-9</marc:subfield>
      <marc:subfield code="0">(DE-101)040751082</marc:subfield>
      <marc:subfield code="D">s</marc:subfield>
      <marc:subfield code="a">Museumspädagogik</marc:subfield>
   </marc:datafield>
   <marc:datafield ind1="4" ind2="2" tag="689">
      <marc:subfield code="0">(DE-588)4113393-6</marc:subfield>
      <marc:subfield code="0">http://d-nb.info/gnd/4113393-6</marc:subfield>
      <marc:subfield code="0">(DE-101)041133935</marc:subfield>
      <marc:subfield code="D">s</marc:subfield>
      <marc:subfield code="a">Einrichtung</marc:subfield>
   </marc:datafield>
   <marc:datafield ind1="4" ind2="3" tag="689">
      <marc:subfield code="A">f</marc:subfield>
      <marc:subfield code="a">Adressbuch</marc:subfield>
   </marc:datafield>
   <marc:datafield ind1="4" ind2=" " tag="689">
      <marc:subfield code="5">DE-101</marc:subfield>
      <marc:subfield code="5">DE-101</marc:subfield>
   </marc:datafield>
   <marc:datafield ind1="1" ind2=" " tag="700">
      <marc:subfield code="0">(DE-588)121813304</marc:subfield>
      <marc:subfield code="0">http://d-nb.info/gnd/121813304</marc:subfield>
      <marc:subfield code="0">(DE-101)121813304</marc:subfield>
      <marc:subfield code="a">Meier, Thomas Dominik</marc:subfield>
      <marc:subfield code="e">Herausgeber</marc:subfield>
      <marc:subfield code="4">edt</marc:subfield>
   </marc:datafield>
   <marc:datafield ind1=" " ind2=" " tag="850">
      <marc:subfield code="a">DE-101a</marc:subfield>
      <marc:subfield code="a">DE-101b</marc:subfield>
   </marc:datafield>
   <marc:datafield ind1="4" ind2="2" tag="856">
      <marc:subfield code="m">V:DE-604</marc:subfield>
      <marc:subfield code="q">application/pdf</marc:subfield>
      <marc:subfield code="u">http://d-nb.info/958471282/04</marc:subfield>
      <marc:subfield code="3">Inhaltsverzeichnis</marc:subfield>
   </marc:datafield>
   <marc:datafield ind1="r" ind2=" " tag="925">
      <marc:subfield code="a">ra</marc:subfield>
   </marc:datafield>
</marc:record>
